| 000 | 00423nam a2200157 i 4500 | ||
|---|---|---|---|
| 020 | _a0913462047 | ||
| 040 | _cDLC | ||
| 082 | 0 | 0 | _a574 CHI 1976 A026 Or. |
| 100 | 1 | _aRicklefs, Robert E. | |
| 245 | 1 | 4 |
_aThe economy of nature : _ba textbook in basic ecology / |
| 260 |
_aPortland, Or. : _bChiron Press, _cc1976. |
||
| 300 |
_av, 455 p. : _bill. ; _c25 cm. |
||
| 500 | _aIncludes index. | ||
| 650 | 0 | _aEcology. | |
| 942 | _cEK | ||
| 999 |
_c13162 _d13162 |
||